000 00890cam a22002534a 4500
001 11850760
005 20180129075310.0
008 991126s2000 vaua b f001 0 eng
010 _a 99050780
020 _a0871203669 (pbk.)
040 _aDLC
_cDLC
_dDLC
041 _aeng
042 _apcc
043 _an-us---
080 _a370.715 wal
082 0 0 _a370.715 wal
_221
100 _a46
101 _aedu
245 0 0 _aEducators as learners :
_cedited by Penelope J. Wald and Michael S. Castleberry.
504 _aIncludes bibliographical references (p. 121-123) and index.
906 _a7
_bcbc
_corignew
_d1
_eecip
_f19
_gy-gencatlg
942 _2ddc
_cBK
999 _c41171
_d41171